Score 0/20 Timer 02:00
1 Play Today
Clue 4-Letter Word % Correct
The fermented juice of fresh grapesWINE
94.3%
Male lions have this in common with horsesMANE
90.6%
The very top of a mountainPEAK
87.8%
The inverse of strongWEAK
87.7%
To diminish in phase or intensity, such as the moon doesWANE
86.3%
Members of the Jewish faith are forbidden from eating this type of meatPORK
85.6%
Grizzly or polar, e.g.BEAR
85.2%
One does this with their clothes or shoesWEAR
82.7%
Sit for a photo shootPOSE
82.6%
To move upward; to ascendRISE
82.4%
Clue 4-Letter Word % Correct
An alcoholic beverage usually made from malted cereal grainBEER
78.9%
Exercising or showing sound judgementWISE
78.5%
A pink table [Rung 7]ROSÉ
76.9%
A privilege or gain, such as in Call of DutyPERK
74%
A heavy club-like weaponMACE
72.4%
An imitation; a facadeFAKE
71.9%
You have one, but so does the earthFACE
71.8%
A piece of timber or metal fixed in an upright positionPOST
60.6%
A sweet fortified [Rung 7]PORT
60.2%
A Japanese rice [Rung 7]SAKE
59.5%

Today's Daily Dose

Remove Ads.
Support Sporcle.
Get the best of Sporcle when you Go Orange. This ad-free experience offers more features, more stats, and more fun while also helping to support Sporcle. Thank you for becoming a member.

You're not logged in!

Compare scores with friends on all Sporcle quizzes.
OR
Log In

Show Comments

Extras

Top Quizzes Today


Score Distribution

Your Account Isn't Verified!

In order to create a playlist on Sporcle, you need to verify the email address you used during registration. Go to your Sporcle Settings to finish the process.

Report this User

Report this user for behavior that violates our Community Guidelines.

Details: